Catálogo

Abel regala soles / (Registro nro. 68842)

Detalles MARC
000 -LEADER
fixed length control field 01307cam a2200373 i 4500
001 - CONTROL NUMBER
control field 68842
003 - CONTROL NUMBER IDENTIFIER
control field Mx-PuUPA
005 - DATE AND TIME OF LATEST TRANSACTION
control field 20221118122024.0
008 - FIXED-LENGTH DATA ELEMENTS--GENERAL INFORMATION
fixed length control field 221014s2009 mx a gr 000 0 spa d
020 ## - INTERNATIONAL STANDARD BOOK NUMBER
International Standard Book Number 9786074716832
020 ## - INTERNATIONAL STANDARD BOOK NUMBER
International Standard Book Number 9789706889423
Qualifying information de la colección Los piratas de El barco de vapor
040 ## - CATALOGING SOURCE
Original cataloging agency Mx-PuUPA
Language of cataloging spa
Transcribing agency Mx-PuUPA
Modifying agency Mx-PuUPA
Description conventions rda
041 0# - LANGUAGE CODE
Language code of text/sound track or separate title spa
100 1# - MAIN ENTRY--PERSONAL NAME
9 (RLIN) 10753
Personal name Istvansch,
Dates associated with a name 1968-
Relator term autor
-- ilustrador
245 10 - TITLE STATEMENT
Title Abel regala soles /
Statement of responsibility, etc. Istvansch
250 ## - EDITION STATEMENT
Edition statement Primera edición
264 #1 - PRODUCTION, PUBLICATION, DISTRIBUTION, MANUFACTURE, AND COPYRIGHT NOTICE
Place of production, publication, distribution, manufacture Ciudad de México :
Name of producer, publisher, distributor, manufacturer SM de Ediciones,
Date of production, publication, distribution, manufacture, or copyright notice 2009
300 ## - PHYSICAL DESCRIPTION
Extent 31 páginas :
Other physical details ilustraciones ;
Dimensions 19 cm
336 ## - CONTENT TYPE
Fuente rdacontent
Content type term texto
Content type code txt
336 ## - CONTENT TYPE
Fuente rdacontent
Content type term imagen fija
Content type code sti
337 ## - MEDIA TYPE
Source rdamedia
Media type term sin medio
Media type code n
338 ## - CARRIER TYPE
Source rdacarrier
Carrier type term volumen
Carrier type code nc
490 1# - SERIES STATEMENT
Series statement El barco de vapor. Los piratas ;
Volume/sequential designation 17 M
521 0# - TARGET AUDIENCE NOTE
Target audience note Para empezar a leer.
650 #7 - SUBJECT ADDED ENTRY--TOPICAL TERM
Source of heading or term armarc
Topical term or geographic name entry element Niños autistas
General subdivision Literatura infantil
650 #7 - SUBJECT ADDED ENTRY--TOPICAL TERM
Source of heading or term armarc
Topical term or geographic name entry element Autismo
General subdivision Literatura infantil
650 #7 - SUBJECT ADDED ENTRY--TOPICAL TERM
Source of heading or term armarc
Topical term or geographic name entry element Cuentos infantiles
830 #0 - SERIES ADDED ENTRY--UNIFORM TITLE
Uniform title Barco de vapor
Name of part/section of a work Los piratas
Volume/sequential designation 17 M
942 ## - ADDED ENTRY ELEMENTS (KOHA)
Source of classification or shelving scheme Dewey Decimal Classification
Koha item type Libro
Classification part 808.0683
Item part B2617
Existencias
Withdrawn status Lost status Source of classification or shelving scheme Damaged status Not for loan Collection code Home library Current library Shelving location Date acquired Source of acquisition Cost, normal purchase price Total Checkouts Full call number Barcode Date last seen Cost, replacement price Price effective from Koha item type
    Dewey Decimal Classification     Infantil Biblioteca Karol Wojtyla Biblioteca Karol Wojtyla Área de silencio 20/08/2021 1 121.00   808.0683 B2617 2009 101215 21/11/2025 121.00 20/08/2021 Libro infantil